<?xml version="1.0" encoding="UTF-8"?>
<record
    xmlns:xsi="http://www.w3.org/2001/XMLSchema-instance"
    xsi:schemaLocation="http://www.loc.gov/MARC21/slim http://www.loc.gov/standards/marcxml/schema/MARC21slim.xsd"
    xmlns="http://www.loc.gov/MARC21/slim">

  <leader>03459nam a2200565Ia 4500</leader>
  <controlfield tag="001">2141</controlfield>
  <controlfield tag="008">241029s9999    xx            000 0 und d</controlfield>
  <datafield tag="010" ind1=" " ind2=" ">
    <subfield code="a">2004</subfield>
  </datafield>
  <datafield tag="041" ind1=" " ind2=" ">
    <subfield code="a">Espa&#xF1;ol</subfield>
  </datafield>
  <datafield tag="082" ind1=" " ind2=" ">
    <subfield code="a">NO APLICA</subfield>
  </datafield>
  <datafield tag="245" ind1=" " ind2="0">
    <subfield code="a">La oferta curricular del centro universitario Regional del Este (CURE) y su vinculaci&#xF3;n con los requerimientos de profesionales de los sectores productivos de la provincia de la Altagracia</subfield>
  </datafield>
  <datafield tag="260" ind1=" " ind2=" ">
    <subfield code="a">La Altagracia</subfield>
  </datafield>
  <datafield tag="300" ind1=" " ind2=" ">
    <subfield code="a">72</subfield>
  </datafield>
  <datafield tag="520" ind1=" " ind2=" ">
    <subfield code="a">29</subfield>
  </datafield>
  <datafield tag="630" ind1=" " ind2=" ">
    <subfield code="a">Oferta Curricular</subfield>
  </datafield>
  <datafield tag="630" ind1=" " ind2=" ">
    <subfield code="a">Perfil Profesional</subfield>
  </datafield>
  <datafield tag="630" ind1=" " ind2=" ">
    <subfield code="a">Recursos Humanos</subfield>
  </datafield>
  <datafield tag="630" ind1=" " ind2=" ">
    <subfield code="a">Salarios</subfield>
  </datafield>
  <datafield tag="650" ind1=" " ind2=" ">
    <subfield code="a">Ejes Transversales (El Trabajo como Medio de Realizaci&#xF3;n Personal y Base del Desarrollo)</subfield>
  </datafield>
  <datafield tag="690" ind1=" " ind2=" ">
    <subfield code="a">Elaborado</subfield>
  </datafield>
  <datafield tag="700" ind1=" " ind2=" ">
    <subfield code="e">asesor</subfield>
    <subfield code="a">Tavares, Miledys </subfield>
  </datafield>
  <datafield tag="700" ind1=" " ind2=" ">
    <subfield code="e">autor</subfield>
    <subfield code="a">Castillo, Rub&#xE9;n Dar&#xED;o</subfield>
  </datafield>
  <datafield tag="700" ind1=" " ind2=" ">
    <subfield code="e">autor</subfield>
    <subfield code="a">Rijo N&#xFA;&#xF1;ez, Elvira </subfield>
  </datafield>
  <datafield tag="901" ind1=" " ind2=" ">
    <subfield code="a">{"1":"Castillo","2":"Rijo N&#xFA;&#xF1;ez"}</subfield>
    <subfield code="b">{"1":"Rub&#xE9;n Dar&#xED;o","2":"Elvira "}</subfield>
  </datafield>
  <datafield tag="902" ind1=" " ind2=" ">
    <subfield code="a">1</subfield>
  </datafield>
  <datafield tag="903" ind1=" " ind2=" ">
    <subfield code="a">{"1":"Tavares"}</subfield>
    <subfield code="b">{"1":"Miledys "}</subfield>
  </datafield>
  <datafield tag="904" ind1=" " ind2=" ">
    <subfield code="a">Maestr&#xED;a en</subfield>
  </datafield>
  <datafield tag="905" ind1=" " ind2=" ">
    <subfield code="a">Educaci&#xF3;n Superior</subfield>
  </datafield>
  <datafield tag="906" ind1=" " ind2=" ">
    <subfield code="a">2</subfield>
  </datafield>
  <datafield tag="907" ind1=" " ind2=" ">
    <subfield code="a">NO APLICA</subfield>
  </datafield>
  <datafield tag="908" ind1=" " ind2=" ">
    <subfield code="a">NO APLICA</subfield>
  </datafield>
  <datafield tag="909" ind1=" " ind2=" ">
    <subfield code="a">Universidad Aut&#xF3;noma de Santo Domingo (UASD)</subfield>
  </datafield>
  <datafield tag="910" ind1=" " ind2=" ">
    <subfield code="a">NULL</subfield>
    <subfield code="b">NULL</subfield>
  </datafield>
  <datafield tag="911" ind1=" " ind2=" ">
    <subfield code="a">["1"]</subfield>
  </datafield>
  <datafield tag="912" ind1=" " ind2=" ">
    <subfield code="a">NO APLICA</subfield>
  </datafield>
  <datafield tag="913" ind1=" " ind2=" ">
    <subfield code="a">NULL</subfield>
  </datafield>
  <datafield tag="914" ind1=" " ind2=" ">
    <subfield code="a">01 de Septiembre de 2008</subfield>
  </datafield>
  <datafield tag="915" ind1=" " ind2=" ">
    <subfield code="a">NULL</subfield>
  </datafield>
  <datafield tag="916" ind1=" " ind2=" ">
    <subfield code="a">NULL</subfield>
  </datafield>
  <datafield tag="917" ind1=" " ind2=" ">
    <subfield code="a">NULL</subfield>
  </datafield>
  <datafield tag="918" ind1=" " ind2=" ">
    <subfield code="a">NO APLICA</subfield>
  </datafield>
  <datafield tag="919" ind1=" " ind2=" ">
    <subfield code="a">["147","157","268","270"]</subfield>
  </datafield>
  <datafield tag="520" ind1=" " ind2=" ">
    <subfield code="a">El objetivo general que se propuso esta investigaci&#xF3;n consisti&#xF3; en analizar la vinculaci&#xF3;n entre la Oferta Acad&#xE9;mica del Centro Universitario Regional del Este (CURE) y los requerimientos de profesionales de las empresas de la provincia La Altagracia.Esta investigaci&#xF3;n se ha clasificado en la categor&#xED;a de descriptiva con un enfoque cualitativo y cuantitativo. La poblaci&#xF3;n que se utiliz&#xF3; en esta investigaci&#xF3;n asciende a 1,297 empresas, integradas por las empresas radicadas en la provincia La Altagracia.La muestra seleccionada fue de 223 empresas en el sector comercio, educaci&#xF3;n, turismo, servicios profesionales e industria. Los m&#xE9;todos utilizados fueron: m&#xE9;todo inductivo, m&#xE9;todo deductivo, m&#xE9;todo anal&#xED;tico y sint&#xE9;tico y m&#xE9;todo estad&#xED;stico y computacional. Las t&#xE9;cnicas e instrumentos utilizados son: t&#xE9;cnicas documentales y t&#xE9;cnicas de encuesta o entrevista.Despu&#xE9;s de evaluar los objetivos propuestos, a trav&#xE9;s de esta investigaci&#xF3;n es factible colegir que definitivamente el Centro Universitario Regional del Este (CURE), necesita vincular su oferta curricular con los requerimientos de los sectores productivos de la provincia La Altagracia. Esto contribuir&#xE1; a fortalecer el rol del CURE como academia y facilitar&#xE1; la actividad productiva a las empresas, porque encontrar&#xED;an personal calificado en su propia regi&#xF3;n. Asimismo, abrir&#xE1; un mercado de trabajo seguro para sus egresados.El estudio recomienda agregar carreras a las existentes; las carreras que arrojan los resultados de esta investigaci&#xF3;n a saber: Lenguas Modernas, Administraci&#xF3;n de Empresas, Turismo, Mercadeo, Sicolog&#xED;a, Comunicaci&#xF3;n Social, Farmacia, Agrimensura, Bioan&#xE1;lisis, Producci&#xF3;n Animal y Educaci&#xF3;n F&#xED;sica. Esto definir&#xED;a el papel del CURE como acad&#xE9;mico, vinculado a las necesidades de los Sectores Productivos.</subfield>
  </datafield>
  <datafield tag="921" ind1=" " ind2=" ">
    <subfield code="a">16</subfield>
  </datafield>
  <datafield tag="922" ind1=" " ind2=" ">
    <subfield code="a">16</subfield>
  </datafield>
  <datafield tag="923" ind1=" " ind2=" ">
    <subfield code="a">0</subfield>
  </datafield>
  <datafield tag="924" ind1=" " ind2=" ">
    <subfield code="a">NO APLICA</subfield>
  </datafield>
  <datafield tag="942" ind1=" " ind2=" ">
    <subfield code="c">Tesis</subfield>
  </datafield>
  <datafield tag="999" ind1=" " ind2=" ">
    <subfield code="c">2004</subfield>
    <subfield code="d">2004</subfield>
  </datafield>
</record>
